书目信息 |
| 题名: |
计算机应用基础
|
|
| 作者: | 禹文龙 , 赵津考 , 吕润桃 主编 | |
| 分册: | ||
| 出版信息: | 北京 中国水利水电出版社 2007.08 |
|
| 页数: | 200页 | |
| 开本: | 26cm | |
| 丛书名: | ||
| 单 册: | ||
| 中图分类: | TP39 | |
| 科图分类: | ||
| 主题词: | 计算机应用--ji suan ji ying yong--高等教育--教材 | |
| 电子资源: | ||
| ISBN: | 978-7-5084-4919-7 | |
| 000 | 01036nam0 2200289 450 | |
| 001 | 012008725639 | |
| 005 | 20080603173147.12 | |
| 010 | @a978-7-5084-4919-7@dCNY22.00 | |
| 100 | @a20080603d2007 em y0chiy0120 ea | |
| 101 | 0 | @achi |
| 102 | @aCN@b110000 | |
| 105 | @aak a 000yy | |
| 106 | @ar | |
| 200 | 1 | @a计算机应用基础@Aji suan ji ying yong ji chu@f禹文龙 ... [等] 主编@Fyu wen long...[deng]zhu bian |
| 210 | @a北京@c中国水利水电出版社@d2007.08 | |
| 215 | @a200页@c图@d26cm | |
| 300 | @a21世纪高职高专规划教材 | |
| 304 | @a题名页题: 禹文龙, 赵津考, 吕润桃, 张云龙主编 | |
| 320 | @a有书目 | |
| 330 | @a本书根据高职高专院校各个专业对计算机基础教育的基本要求,以计算机基本知识和基本技能的培养为主要内容,共分为两大部分:计算机知识和试题汇编。 | |
| 606 | 0 | @a计算机应用@Aji suan ji ying yong@x高等教育@j教材 |
| 690 | @aTP39@v4 | |
| 701 | 0 | @a禹文龙@Ayu wen long@4主编 |
| 701 | 0 | @a赵津考@Azhao jin kao@4主编 |
| 701 | 0 | @a吕润桃@Alu run tao@4主编 |
| 801 | 0 | @aCN@bQSSK@c20080603 |
| 905 | @b723451-52@dTP39@eY833@f2 | |
| 计算机应用基础/禹文龙 ... [等] 主编.-北京:中国水利水电出版社,2007.08 |
| 200页:图;26cm |
| 21世纪高职高专规划教材 |
| ISBN 978-7-5084-4919-7:CNY22.00 |
| 本书根据高职高专院校各个专业对计算机基础教育的基本要求,以计算机基本知识和基本技能的培养为主要内容,共分为两大部分:计算机知识和试题汇编。 |
| ● |
| 相关链接 |
|
|
|
正题名:计算机应用基础
索取号:TP39/Y833
 
预约/预借
| 序号 | 登录号 | 条形码 | 馆藏地/架位号 | 状态 | 备注 |
| 1 | 723451 | 207234517 | 自科库301/301自科库 64排1列2层/ [索取号:TP39/Y833] | 在馆 | |
| 2 | 723452 | 207234526 | 自科库301/301自科库 64排1列2层/ [索取号:TP39/Y833] | 在馆 |